Niemożliwe Flagi - Statystyki

Ogólne statystyki
  • Ten quiz został rozwiązany 102 razy
  • Średni wynik to 5 z 16
Statystyki odpowiedzi
Obrazkowy Odpowiedź % Poprawnych
Wyspy Kokosowe
75%
Dynastia Qing
50%
Cesarstwo Japońskie
47%
Beneluks
45%
Przemyśl
42%
Imperium Osmańskie
38%
Bydgoszcz
34%
Mali
34%
Budapeszt
27%
Rio de janeiro
23%
Zakon krzyżacki
23%
Bogota
16%
Konstantynopol
14%
Hel
13%
Bejrut
9%
Przymierze herbaty z mlekiem
9%
Nie znaleziono quizów pasujących do podanych kryteriów
Rozkład punktacji
Procent ludzi z każdym wynikiem
Percentyl według liczby udzielonych odpowiedzi
Twoja historia wyników
Nie rozwiązałeś tego quizu